| 000 | nam a22 7a 4500 | ||
|---|---|---|---|
| 999 |
_c15887 _d15887 |
||
| 008 | 161107b xxu||||| |||| 00| 0 eng d | ||
| 020 | _a9780520257740 | ||
| 050 | _aN 621 .F7P37 2009 | ||
| 100 | _aPartridge, Loren W. | ||
| 245 |
_aArt of Renaissance Florence, 1400-1600/ _cLoren Partridge |
||
| 260 |
_aBerkely: _bUniversity of California Press, _c2009 |
||
| 300 |
_axii, 241p. : _bill. ; _c26 cm |
||
| 500 | _aIncludes bibliographical references and index. | ||
| 650 |
_aArt, Renaissance. _xItaly. _yFlorence. |
||
| 650 |
_aArt, Italian. _xItaly. _yFlorence. |
||
| 650 |
_aArt and society. _xItaly. _yFlorence. _zHistory - 15th century. |
||
| 650 |
_aArt and society. _xItaly. _yFlorence. _zHistory - 16th century. |
||
| 942 |
_2lcc _cBOOKS _hN 621 .F7P37 2009 |
||